| 000 | 00723nam a2200241 i 4500 | ||
|---|---|---|---|
| 001 | 15019 | ||
| 003 | ES-MaACL | ||
| 005 | 20250502063012.0 | ||
| 007 | t| | ||
| 008 | 991129s1982 sp ||||1| spa d | ||
| 020 | _a84-350-0227-7 | ||
| 080 | _a821.111-31"19" | ||
| 100 | 1 |
_aWoolf, Virginia, _d1882-1941 _9240179 |
|
| 245 | 1 | 0 |
_aAl faro / _cVirginia Woolf ; traducción de Carmen Martín Gaite. |
| 260 |
_aBarcelona : _bEdhasa, _c[1982] |
||
| 300 |
_a274 p. ; _c20 cm. |
||
| 490 | 1 | _aNarrativas contemporáneas | |
| 700 | 1 |
_aMartín Gaite, Carmen, _d1925-2000 _977496 |
|
| 830 | 0 |
_aNarrativas contemporáneas _9181387 |
|
| 852 |
_aES-MaACL _jL-22222 _bR.127504 |
||
| 942 | _2udc | ||
| 999 |
_c15019 _d15019 |
||